[Event "BCF-chT3 0405 (4NCL)"]
[Site "Telford"]
[Date "2005.02.26"]
[Round "5.5"]
[White "Pym, Thomas TW"]
[Black "Siddall, Phillip L"]
[Result "1/2-1/2"]
[WhiteElo "2050"]
[BlackElo "2125"]
[PlyCount "36"]
[EventDate "2004.11.06"]
[EventType "team"]
[EventRounds "11"]
[EventCountry "ENG"]
[SourceTitle "EXT 2006"]
[Source "ChessBase"]
[SourceDate "2005.11.24"]
[SourceVersion "1"]
[SourceVersionDate "2005.11.24"]
[SourceQuality "1"]
[WhiteTeam "Wessex II"]
[BlackTeam "Numerica 3CS II"]
[WhiteTeamCountry "ENG"]
[BlackTeamCountry "ENG"]

1. e4 d5 2. exd5 Nf6 3. d4 Nxd5 4. Nf3 g6 5. c4 Nb6 6. Nc3 Bg7 7. c5 Nd5 8. Bc4 c6 9. 0-0 0-0 10. Re1 Be6 11. Qb3 Nxc3 12. bxc3 Bxc4 13. Qxc4 Nd7 14. Rb1 b5 15. cxb6 axb6 16. a4 e6 17. Ne5 Nxe5 18. dxe5 Qd5 1/2-1/2